| 000 | 01277aam a2200289 a 4500 | ||
|---|---|---|---|
| 999 |
_c325365 _d325365 |
||
| 003 | BLK | ||
| 005 | 20250621124705.0 | ||
| 008 | 181011b bu ||||| |||| 00| 0 bu d | ||
| 020 | _a978-954-26-1768-6 | ||
| 040 | _aBLK | ||
| 041 |
_aBUL _cBUL |
||
| 080 |
_aАмериканска литература (на САЩ) _b821.111(73) _x-93-31 _z821.111(73)-93-31 |
||
| 100 |
_aЕмерсън, Маркъс _9390585 |
||
| 139 |
_aЕмерсън, Маркъс _bЕ 59 |
||
| 245 |
_aДневникът на един нинджа 4 : Партия шах _c Маркъс Емерсън ; прев. от англ. Коста Сивов |
||
| 257 | _aUSA | ||
| 260 |
_bХермес _c2018 _aПловдив _9209439 _fСофия : Алианс Принт |
||
| 300 |
_a160 с. _c20 см _bс ил. |
||
| 380 | _aDX | ||
| 500 | _aОриг. загл.: Diary of a sixth grade ninja: a game of chase / Marcus Emerson. Маркъс Емерсън - псевд. на David Halvorson Кн. 4 от поредицата Дневникът на един нинджа | ||
| 700 |
_aСивов, Коста Атанасов _9383724 |
||
| 852 |
_aЦб 290896 _bЦб |
||
| 942 |
_cKNG _2udc _n0 _010 |
||
| 999 | _d325365 | ||
| 999 | _d325365 | ||
| 944 |
_k30552 _lВиолета Тройчева |
||